[Event "21st ch-EUR Indiv 2021"]
[Site "Reykjavik ISL"]
[Date "2021.09.01"]
[Round "7.59"]
[White "Fruebing, Stefan"]
[Black "Karlsson, Mikael Johann"]
[Result "1-0"]
[WhiteTitle "IM"]
[WhiteElo "2406"]
[BlackElo "2067"]
[WhiteFideId "4682165"]
[BlackFideId "2305194"]
[EventDate "2021.08.26"]

1. e4 c5 2. Nf3 Nc6 3. Bb5 g6 4. Bxc6 dxc6 5. d3 Bg7 6. h3 e5 7. a4 a5 8. Na3 f6
9. Be3 b6 10. Nc4 Be6 11. Nfd2 Nh6 12. b4 axb4 13. a5 b5 14. Nb6 Ra6 15. Bxc5
Bf8 16. Nb3 Bxb3 17. Bxf8 Rxf8 18. cxb3 Nf7 19. O-O Qd4 20. Qg4 Ke7 21. Rac1 Nd8
22. Nd5+ Kf7 23. Qd7+ Kg8 24. Ne7+ Kh8 25. Qc8 Qa7 26. Rxc6 Rxc6 27. Nxc6 Qc5
28. Na7 Qxa7 29. a6 Qb6 30. Ra1 Ne6 31. Qxf8+ Nxf8 32. a7 Qxa7 33. Rxa7 Ne6 34.
Rd7 Kg8 35. g3 Nd4 36. Rxd4 exd4 37. f4 Kf7 38. f5 g5 39. Kf2 Ke7 40. e5 fxe5
41. Kf3 Kf7 42. g4 Ke7 43. Ke4 Kd6 44. f6 Ke6 45. f7 Kxf7 46. Kxe5 Ke7 47. Kxd4
Kd6 48. Ke4 Ke6 49. d4 h6 50. d5+ Kd6 51. Kd4 1-0

[Event "21st ch-EUR Indiv 2021"]
[Site "Reykjavik ISL"]
[Date "2021.09.01"]
[Round "7.60"]
[White "Ptacnikova, Lenka"]
[Black "Kaasen, Tor Fredrik"]
[Result "0-1"]
[WhiteTitle "WGM"]
[BlackTitle "IM"]
[WhiteElo "2109"]
[BlackElo "2406"]
[WhiteFideId "305650"]
[BlackFideId "1516647"]
[EventDate "2021.08.26"]

1. c4 e5 2. g3 c6 3. Nf3 e4 4. Nd4 d5 5. cxd5 Qxd5 6. Nc2 Nf6 7. Nc3 Qe5 8. Bg2
Be7 9. Ne3 Na6 10. Qc2 Nc5 11. Rb1 a5 12. b3 h5 13. Bb2 Qe6 14. h4 b5 15. Nxe4
Nfxe4 16. d4 O-O 17. dxc5 Nxg3 18. Rg1 Bxh4 19. Rd1 Be7 20. Nd5 Bxc5 21. Bf3 0-1

[Event "21st ch-EUR Indiv 2021"]
[Site "Reykjavik ISL"]
[Date "2021.09.01"]
[Round "7.61"]
[White "Jonsson, Gauti Pall"]
[Black "Heimisson, Hilmir Freyr"]
[Result "1-0"]
[BlackTitle "FM"]
[WhiteElo "2070"]
[BlackElo "2309"]
[WhiteFideId "2309092"]
[BlackFideId "2309998"]
[EventDate "2021.08.26"]

1. e4 c5 2. Nc3 Nc6 3. Bb5 Nd4 4. Bc4 Nf6 5. Nge2 d5 6. exd5 g6 7. Nxd4 cxd4 8.
Nb5 Bg7 9. O-O O-O 10. Nxd4 Nxd5 11. Ne2 e5 12. Nc3 Nb6 13. Bb3 Bd7 14. d3 Bc6
15. Be3 h6 16. a4 Kh7 17. a5 Nc8 18. Ba4 Qc7 19. Kh1 Nd6 20. Bxc6 Qxc6 21. d4
Nc4 22. d5 Qc7 23. Bc1 Nxa5 24. d6 Qd8 25. Qd5 Nc6 26. Ne4 Rc8 27. Be3 b6 28. f4
f5 29. Nc3 Qd7 30. Rad1 e4 31. Qb5 Rfd8 32. g4 Na5 33. gxf5 gxf5 34. Qd5 Nc4 35.
Bd4 Bxd4 36. Qxd4 Qg7 37. d7 Rc7 38. Nd5 Qxd4 39. Rxd4 Rc6 40. Rg1 b5 41. Ne7
Rd6 42. Rxd6 Nxd6 43. Rd1 Rxd7 44. Nxf5 e3 45. Nxe3 Re7 46. Nd5 Rf7 47. Rd4 Kg6
48. Ne3 Rf6 49. Kg2 Kf7 50. Kf3 Kg6 51. Ng4 Re6 52. Rd5 Nf5 53. Ne5+ Kg7 54.
Rd7+ Kg8 55. Rxa7 Nd4+ 56. Ke4 Nxc2 57. f5 Rd6 58. Ng6 Nb4 59. Rb7 Nd3 60. Rxb5
Kg7 61. Rb8 Nc5+ 62. Kf4 Rd2 63. b4 Na4 64. h4 Kf6 65. Rf8+ Kg7 66. h5 Rf2+ 67.
Kg3 Nc5 68. bxc5 Rf1 69. Kg2 1-0

[Event "21st ch-EUR Indiv 2021"]
[Site "Reykjavik ISL"]
[Date "2021.09.01"]
[Round "7.62"]
[White "Heidarsson, Arnar Milutin"]
[Black "Karason, Askell O"]
[Result "1-0"]
[BlackTitle "IM"]
[WhiteElo "1916"]
[BlackElo "2270"]
[WhiteFideId "2312875"]
[BlackFideId "2300567"]
[EventDate "2021.08.26"]

1. d4 Nf6 2. c4 e6 3. Nc3 Bb4 4. e3 O-O 5. a3 Bxc3+ 6. bxc3 c5 7. Bd3 Nc6 8. Ne2
d6 9. O-O e5 10. d5 Na5 11. e4 b6 12. Ng3 Ba6 13. Qe2 Nb3 14. Bg5 h6 15. Bxf6
Qxf6 16. Rab1 Na5 17. Nh5 Qg5 18. f4 exf4 19. Rxf4 Bc8 20. Rbf1 Bd7 21. Qf3 f6
22. e5 Qxe5 23. Re4 Qg5 24. h4 1-0

[Event "21st ch-EUR Indiv 2021"]
[Site "Reykjavik ISL"]
[Date "2021.09.01"]
[Round "7.63"]
[White "Lorscheid, Gerhard"]
[Black "Briem, Benedikt"]
[Result "1/2-1/2"]
[WhiteTitle "FM"]
[WhiteElo "2202"]
[BlackElo "1858"]
[WhiteFideId "4606000"]
[BlackFideId "2315432"]
[EventDate "2021.08.26"]

1. g3 Nf6 2. Bg2 d5 3. Nf3 e6 4. O-O Be7 5. c4 dxc4 6. Qa4+ Bd7 7. Qxc4 Bc6 8.
Nc3 Nbd7 9. e4 O-O 10. Qe2 Bb4 11. e5 Nd5 12. Nb5 Bxb5 13. Qxb5 a6 14. Qe2 Be7
15. d3 c5 16. h4 Qc7 17. Re1 Rfd8 18. a3 Rac8 19. Qe4 c4 20. Ng5 Nf8 21. Qf3
Bxg5 22. Bxg5 Re8 23. Rac1 b5 24. dxc4 bxc4 25. Bf1 Qb6 26. Rc2 c3 27. bxc3 Qb3
28. Rec1 Qxa3 29. Qd3 a5 30. Bd2 Nd7 31. Qe2 Nc5 32. Be1 a4 33. Rb1 Nb3 34. Ra2
Qc5 35. c4 Nb6 36. Bc3 Qxc4 37. Qxc4 Nxc4 38. Rxa4 Ncd2 39. Bxd2 Nxd2 40. Rba1
Nf3+ 41. Kg2 Nxe5 42. R1a2 g6 43. Ra5 Ng4 44. Be2 Nf6 45. Ra7 Kf8 46. Bf3 h5 47.
Rb7 Re7 48. Rxe7 Kxe7 49. Ra7+ Nd7 50. Be2 Rc5 51. Bd1 Rd5 52. Ba4 f6 53. Kf3 e5
54. Ke2 f5 55. Bc6 Rd6 56. Ba4 Ke6 57. Bxd7+ Rxd7 58. Ra6+ Rd6 59. Ra5 Kf6 60.
Rb5 Re6 61. Rb7 Ra6 62. Rb5 e4 63. Kf1 g5 64. hxg5+ Kxg5 65. Rb8 Rg6 66. Kg2 h4
67. gxh4+ Kf4+ 68. Kf1 Rh6 69. Ke2 Rxh4 70. Ra8 Rh1 71. Rb8 Ra1 72. Rb5 Ra2+ 73.
Kf1 Kg4 74. Re5 Ra4 75. Kg2 f4 76. Rxe4 Rxe4 77. f3+ Kf5 78. fxe4+ Kxe4 79. Kf2
Kf5 80. Kf3 1/2-1/2

[Event "21st ch-EUR Indiv 2021"]
[Site "Reykjavik ISL"]
[Date "2021.09.01"]
[Round "7.64"]
[White "Gueci, Tea"]
[Black "Van Hoolandt, Patrick"]
[Result "1-0"]
[WhiteTitle "WIM"]
[BlackTitle "FM"]
[WhiteElo "2188"]
[BlackElo "2010"]
[WhiteFideId "872342"]
[BlackFideId "200999"]
[EventDate "2021.08.26"]

1. e4 e5 2. Nf3 Nc6 3. Bc4 Bc5 4. c3 Nf6 5. d4 exd4 6. e5 d5 7. Bb5 Ne4 8. cxd4
Bb6 9. Nc3 O-O 10. Be3 Bg4 11. h3 Bh5 12. Qc2 Bg6 13. Qb3 Ne7 14. O-O c6 15. Bd3
Nd2 16. Nxd2 Bxd3 17. Rfe1 Nf5 18. Na4 Ba6 19. Nxb6 axb6 20. Qc2 Nxe3 21. Rxe3
c5 22. dxc5 d4 23. Rg3 bxc5 24. Ne4 d3 25. Qd1 Qe7 26. Nf6+ Kh8 27. Rxg7 Kxg7
28. Qg4+ Kh8 29. Qf5 Qxf6 30. Qxf6+ Kg8 31. Re1 d2 32. Qg5+ Kh8 33. Qxd2 Rad8
34. Qh6 1-0

[Event "21st ch-EUR Indiv 2021"]
[Site "Reykjavik ISL"]
[Date "2021.09.01"]
[Round "7.65"]
[White "Butenandt, Svenja"]
[Black "Kanyamarala, Trisha"]
[Result "0-1"]
[BlackTitle "WIM"]
[WhiteElo "2036"]
[BlackElo "2180"]
[WhiteFideId "12993859"]
[BlackFideId "45004722"]
[EventDate "2021.08.26"]

1. d4 Nf6 2. c4 e6 3. Nc3 Bb4 4. e3 O-O 5. Ne2 Re8 6. a3 Bf8 7. e4 d5 8. e5 Nfd7
9. cxd5 exd5 10. f4 c5 11. Be3 Nc6 12. g3 cxd4 13. Bxd4 Nc5 14. Bg2 Bg4 15. Bf2
d4 16. Bxd4 Nxd4 17. Qxd4 Nd3+ 18. Kf1 Bc5 19. Qxd8 Raxd8 20. Ne4 Bb6 21. N2c3
Nxb2 22. Nd6 Rxd6 23. exd6 Nc4 24. Ra2 Ne3+ 25. Ke1 Nxg2+ 26. Kd2 Ba5 27. Kc1
Bxc3 28. Rxg2 Bf3 29. d7 Rd8 30. Rc2 Bxh1 31. Rxc3 Bc6 0-1

[Event "21st ch-EUR Indiv 2021"]
[Site "Reykjavik ISL"]
[Date "2021.09.01"]
[Round "7.66"]
[White "Agustsson, Hafsteinn"]
[Black "Birkisson, Bardur Orn"]
[Result "0-1"]
[BlackTitle "CM"]
[WhiteElo "1803"]
[BlackElo "2163"]
[WhiteFideId "2302047"]
[BlackFideId "2310597"]
[EventDate "2021.08.26"]

1. Nf3 d5 2. g3 c6 3. Bg2 Bg4 4. d4 Nd7 5. Nbd2 Ngf6 6. O-O e6 7. c3 Be7 8. h3
Bxf3 9. exf3 c5 10. f4 cxd4 11. cxd4 O-O 12. g4 Nb8 13. Qe2 Nc6 14. Qd3 Qb6 15.
Nb3 Rac8 16. a3 Rfd8 17. g5 Ne4 18. Re1 Nd6 19. Be3 Nf5 20. Bf3 g6 21. Bg4 Bd6
22. Kg2 Nce7 23. Rac1 Rxc1 24. Rxc1 h5 25. Bxf5 Nxf5 26. Bd2 Qa6 27. Qxa6 bxa6
28. Be3 Rb8 29. Rc3 a5 30. Nxa5 Rxb2 31. Kf3 Ra2 32. Nc6 a6 33. Bc1 Kg7 34. Kg2
Re2 35. Kf1 Ra2 36. Ke1 Ra1 37. Ke2 Rb1 38. Kf3 Rb6 39. Be3 Rb5 40. Bc1 Bf8 41.
Kg2 Rb7 42. Na5 Rb5 43. Nc6 a5 44. Rc2 a4 45. Rb2 Rxb2 46. Bxb2 Nd6 47. Nb4 Nc4
48. Nd3 Bxa3 49. Bxa3 Nxa3 50. Nb2 Nc2 51. Nxa4 Nxd4 52. Nc5 Kf8 53. Nd7+ Ke7
54. Ne5 Nf5 55. Nc6+ Kf8 56. Ne5 Kg7 57. Nd7 Nd6 58. Kf3 Ne8 59. Nc5 Kf8 60.
Nd7+ Ke7 61. Ne5 Nd6 62. Ke3 Nc4+ 63. Nxc4 dxc4 64. Kd4 e5+ 65. Kxc4 Ke6 66. f3
exf4 67. Kd4 Kf5 68. h4 f6 69. gxf6 Kxf6 70. Ke4 g5 0-1

[Event "21st ch-EUR Indiv 2021"]
[Site "Reykjavik ISL"]
[Date "2021.09.01"]
[Round "7.67"]
[White "Jacobsen, Mikkel Manosri"]
[Black "Haraldsson, Haraldur"]
[Result "1-0"]
[WhiteTitle "FM"]
[WhiteElo "2309"]
[BlackElo "1918"]
[WhiteFideId "1444514"]
[BlackFideId "2311100"]
[EventDate "2021.08.26"]

1. d4 Nf6 2. Nf3 e6 3. Bg5 Be7 4. Nbd2 c5 5. e3 b6 6. a4 Nc6 7. c3 O-O 8. Bd3 d5
9. h4 Bb7 10. g4 Nd7 11. Qc2 h6 12. O-O-O e5 13. Bh7+ Kh8 14. Qf5 e4 15. Bxh6
exf3 16. Nxf3 Nf6 17. Qg5 gxh6 18. Qxh6 Nxg4 19. Qf4 Bc8 20. Bf5 Bxf5 21. Qxf5
Nf6 22. Rdg1 Rg8 23. Rg5 Rg7 24. Ne5 Qc8 25. Qf4 Rh7 26. Rhg1 Qe6 27. Qg3 Rf8
28. f4 Nd8 29. f5 Qc8 30. h5 Nb7 31. Rg7 Nxh5 32. Nxf7+ 1-0

[Event "21st ch-EUR Indiv 2021"]
[Site "Reykjavik ISL"]
[Date "2021.09.01"]
[Round "7.68"]
[White "Gudmundsson, Gunnar Erik"]
[Black "Sylvan, Jacob"]
[Result "0-1"]
[BlackTitle "IM"]
[WhiteElo "1844"]
[BlackElo "2307"]
[WhiteFideId "2314339"]
[BlackFideId "1402137"]
[EventDate "2021.08.26"]

1. d4 Nf6 2. c4 e6 3. Nc3 Bb4 4. Qc2 O-O 5. e4 d5 6. e5 Ne4 7. Bd3 c5 8. a3
Bxc3+ 9. bxc3 cxd4 10. cxd4 Qa5+ 11. Kf1 Nc6 12. Ne2 f6 13. exf6 Nxf6 14. h3 Kh8
15. Bb2 dxc4 16. Bxc4 Bd7 17. Kg1 Rac8 18. Qd3 Nd5 19. g3 Nce7 20. f4 Qb6 21.
Bc1 e5 22. fxe5 Rxc4 23. Qxc4 Bb5 24. Qc5 Qxc5 25. dxc5 Bxe2 26. Rh2 Rf1+ 27.
Kg2 Ne3+ 28. Bxe3 Rxa1 29. g4 Rxa3 30. Kf2 Bb5 31. Rh1 Ra2+ 32. Kg3 h6 33. Rd1
Bc6 34. h4 Nd5 35. Bd4 Ra3+ 36. Kf2 Nc3 37. Re1 Ne4+ 38. Ke2 Bb5+ 0-1

[Event "21st ch-EUR Indiv 2021"]
[Site "Reykjavik ISL"]
[Date "2021.09.01"]
[Round "7.69"]
[White "Koellner, Aaron Noah"]
[Black "Maggason, Oskar"]
[Result "1-0"]
[WhiteElo "2248"]
[BlackElo "1783"]
[WhiteFideId "12993085"]
[BlackFideId "2303779"]
[EventDate "2021.08.26"]

1. d4 Nf6 2. Bg5 d5 3. e3 e6 4. Nd2 c6 5. Bd3 Bd6 6. f4 h6 7. Bh4 g5 8. fxg5
hxg5 9. Bxg5 Rxh2 10. Rxh2 Bxh2 11. Qf3 Nbd7 12. O-O-O e5 13. Rf1 e4 14. Bxe4
Bxg1 15. Rxg1 dxe4 16. Nxe4 Qe7 17. Nxf6+ Nxf6 18. Bxf6 Bg4 19. Bxe7 Bxf3 20.
gxf3 Kxe7 21. Kd2 Rh8 22. Rg2 b5 23. c3 Rh3 24. Ke2 Rh1 25. b3 Ra1 26. Kd3 Rd1+
27. Rd2 Rf1 28. f4 a5 29. c4 f5 30. cxb5 cxb5 31. Rc2 Rd1+ 32. Ke2 Ra1 33. Rc5
Rxa2+ 34. Kf3 Rb2 35. Rxb5 1-0

[Event "21st ch-EUR Indiv 2021"]
[Site "Reykjavik ISL"]
[Date "2021.09.01"]
[Round "7.70"]
[White "Acevedo Mendez, Lisseth"]
[Black "Humburg, Philipp"]
[Result "0-1"]
[WhiteTitle "WIM"]
[WhiteElo "1825"]
[BlackElo "2245"]
[WhiteFideId "6502938"]
[BlackFideId "24656151"]
[EventDate "2021.08.26"]

1. e4 d6 2. d4 Nf6 3. f3 g6 4. Be3 Nbd7 5. Qd2 c6 6. Be2 b5 7. h4 Qc7 8. Nh3 Nb6
9. b3 Bb7 10. Nf2 a6 11. c3 e5 12. g4 Nbd7 13. Nd3 d5 14. dxe5 dxe4 15. exf6
exd3 16. Qxd3 O-O-O 17. Nd2 Nxf6 18. Qc2 Nd5 19. Bd4 c5 20. Bf2 Bg7 21. O-O Nxc3
22. Rae1 Qf4 23. Bd3 Bxf3 24. Nxf3 Qxg4+ 25. Kh2 Qxf3 26. Re3 Qf4+ 27. Kg2 Be5
28. Rh3 Qg4+ 29. Bg3 f5 30. Rxf5 Rxd3 31. Rxe5 Rhd8 32. Rxc5+ Kb7 33. Rc7+ Ka8
34. Qf2 Qd4 35. Qxd4 R8xd4 36. Bf2 Nd5 37. Rxd3 Rxd3 38. Ra7+ Kb8 39. Rxa6 Nf4+
40. Kf1 Rd1+ 41. Be1 Ra1 42. Rf6 Nd3 43. Re6 b4 44. Re3 Rxe1+ 45. Rxe1 Nxe1 46.
Kxe1 Kc7 47. Ke2 Kd6 48. Kf3 Kd5 49. Kg4 h6 50. h5 gxh5+ 51. Kxh5 Kd4 52. Kxh6
Kc3 53. Kg5 Kb2 0-1

[Event "21st ch-EUR Indiv 2021"]
[Site "Reykjavik ISL"]
[Date "2021.09.01"]
[Round "7.71"]
[White "Player, Edmund C"]
[Black "Jonsson, Olafur Gisli"]
[Result "1-0"]
[WhiteElo "2172"]
[BlackElo "1800"]
[WhiteFideId "406520"]
[BlackFideId "2302705"]
[EventDate "2021.08.26"]

1. e4 e5 2. Nf3 Nc6 3. Bb5 a6 4. Ba4 Nf6 5. O-O Be7 6. Re1 b5 7. Bb3 d6 8. c3
O-O 9. h3 Nb8 10. d4 Nbd7 11. Nbd2 Bb7 12. Bc2 Re8 13. Nf1 Bf8 14. Ng3 g6 15. a4
Bg7 16. Bd3 c6 17. Be3 Qc7 18. Qd2 Nb6 19. a5 Nbd7 20. dxe5 dxe5 21. c4 c5 22.
cxb5 axb5 23. Bxb5 Red8 24. Bg5 Nf8 25. Qc3 Ne6 26. a6 Bc8 27. Rec1 Rd6 28. b4
Nd7 29. Be7 Rb6 30. Bxd7 Bxd7 31. bxc5 Rbxa6 32. Rxa6 Rxa6 33. Bd6 Qa7 34. Bxe5
Bf8 35. Bd6 Bxd6 36. cxd6 Rxd6 37. Ne5 Qd4 38. Qxd4 Rxd4 39. Nxd7 Rxd7 40. Nf1
Rd4 41. Re1 Kg7 42. f3 Nf4 43. Kh2 Ra4 44. Rd1 h5 45. h4 Ra2 46. Rd2 Ra1 47. Ne3
Re1 48. Nc4 Rc1 49. Ne5 Kf6 50. Nd7+ Ke7 51. Kg3 Ne6 52. Nb6 Rb1 53. Nd5+ Kf8
54. Ne3 Rb3 55. Nc4 Rb7 56. Nd6 Ra7 57. Rb2 Ra6 58. Rb8+ Kg7 59. Ne8+ Kh7 60.
Rb7 Kg8 61. Rd7 Ra8 62. Nd6 Rf8 63. Re7 Kg7 64. Ne8+ Rxe8 65. Rxe8 Kf6 66. Ra8
Ke5 67. Ra5+ Kf6 68. f4 Nd4 69. Kf2 Ne6 70. Ke3 Ng7 71. Rb5 Ne6 72. f5 gxf5 73.
exf5 Nc7 74. Rc5 Ne8 75. Kf4 Kg7 76. Kg5 Kh7 77. Rc6 Ng7 78. Rc8 1-0

[Event "21st ch-EUR Indiv 2021"]
[Site "Reykjavik ISL"]
[Date "2021.09.01"]
[Round "7.72"]
[White "Hardarson, Petur Palmi"]
[Black "Hjaltason, Elvar Orn"]
[Result "1/2-1/2"]
[WhiteElo "2084"]
[BlackElo "1702"]
[WhiteFideId "2317605"]
[BlackFideId "2315084"]
[EventDate "2021.08.26"]

1. d4 Nf6 2. c4 g6 3. Nc3 d5 4. cxd5 Nxd5 5. e4 Nxc3 6. bxc3 Bg7 7. Nf3 c5 8.
Be3 Qa5 9. Bd2 Bd7 10. Be2 Qa4 11. O-O O-O 12. Be3 b6 13. h3 Qxd1 14. Rfxd1 Ba4
15. Rd2 Nd7 16. Bd1 Bxd1 17. Rdxd1 Rac8 18. Rac1 cxd4 19. cxd4 Nf6 20. Nd2 h5
21. f3 Rxc1 22. Rxc1 Rd8 23. Kf2 Rd7 24. Rc8+ Kh7 25. g4 hxg4 26. hxg4 Ng8 27.
d5 f5 28. Nb3 Nf6 29. g5 Nh5 30. Bd4 e6 31. dxe6 Bxd4+ 32. Nxd4 Rxd4 33. e7 Ng7
34. exf5 gxf5 35. g6+ Kxg6 36. Rg8 Kf7 37. Rxg7+ Ke8 38. Rg8+ Kxe7 39. Rg7+ Kd6
40. Rxa7 f4 41. Kg2 b5 42. Kh3 Ra4 43. Rxa4 bxa4 44. Kg4 Kc5 45. Kxf4 Kb4 46.
Ke3 Ka3 47. f4 Kxa2 48. f5 Kb1 49. f6 a3 50. f7 a2 51. f8=Q a1=Q 52. Qf1+ Kb2
53. Qb5+ Ka2 54. Qc4+ Ka3 55. Kd2 Qa2+ 56. Qxa2+ Kxa2 1/2-1/2

[Event "21st ch-EUR Indiv 2021"]
[Site "Reykjavik ISL"]
[Date "2021.09.01"]
[Round "7.73"]
[White "Patt, Zafrir"]
[Black "Birkisson, Bjorn Holm"]
[Result "0-1"]
[WhiteElo "1677"]
[BlackElo "2064"]
[WhiteFideId "2840170"]
[BlackFideId "2310600"]
[EventDate "2021.08.26"]

1. e4 c5 2. Nf3 d6 3. d4 cxd4 4. Nxd4 Nf6 5. Nc3 a6 6. Be3 e5 7. Nb3 Be6 8. f3
Be7 9. Qd2 Nbd7 10. O-O-O O-O 11. g4 b5 12. g5 b4 13. Nd5 Nxd5 14. exd5 Bf5 15.
h4 a5 16. Bd3 a4 17. Nc5 b3 18. cxb3 Bxd3 19. Nxd3 axb3 20. a3 Nb6 21. Bxb6 Qxb6
22. Nb4 Rfc8+ 23. Nc6 Bf8 24. Kb1 Ra4 25. h5 g6 26. hxg6 fxg6 27. Qh2 Rc7 28.
Qh3 Rf7 29. Rd3 Qb5 30. Rhd1 Qc4 31. R1d2 Qf4 32. Qe6 Qxg5 33. Rd1 Qf5 34. Qxf5
Rxf5 35. Rxb3 h5 36. Rbd3 e4 37. fxe4 Rxe4 38. b4 Rf2 39. b5 Ree2 40. Rb3 Bg7
41. Nb4 Bd4 42. Nd3 Rh2 43. b6 Ra2 44. Nb2 Raxb2+ 45. Rxb2 Rxb2+ 46. Kc1 Be5 47.
a4 Rxb6 48. Rd3 Rb4 0-1

[Event "21st ch-EUR Indiv 2021"]
[Site "Reykjavik ISL"]
[Date "2021.09.01"]
[Round "7.74"]
[White "Omarsson, Adam"]
[Black "Johannsdottir, Johanna Bjorg"]
[Result "0-1"]
[WhiteElo "1546"]
[BlackElo "2019"]
[WhiteFideId "2311453"]
[BlackFideId "2303108"]
[EventDate "2021.08.26"]

1. d4 Nf6 2. c4 e6 3. Nc3 Bb4 4. f3 c5 5. d5 b5 6. e4 O-O 7. a3 Ba5 8. e5 Ne8 9.
d6 bxc4 10. Bxc4 Qh4+ 11. g3 Qxc4 12. Ne2 Nc6 13. f4 Nd4 14. O-O Bb7 15. Nxd4
cxd4 16. Qa4 Qc6 17. Qxc6 Bxc6 18. Nd1 g6 19. Nf2 Ng7 20. Rd1 Nf5 21. b4 Bb6 22.
a4 a6 23. Ng4 Kg7 24. Ra3 d3+ 25. Nf2 Nd4 26. Rdxd3 Ne2+ 27. Kf1 Nxc1 28. Rdc3
Rfc8 29. Ke1 Bd5 0-1

[Event "21st ch-EUR Indiv 2021"]
[Site "Reykjavik ISL"]
[Date "2021.09.01"]
[Round "7.75"]
[White "Kjartansson, Matthias Bjorgvin"]
[Black "Petursson, Gudni"]
[Result "0-1"]
[WhiteElo "1389"]
[BlackElo "1988"]
[WhiteFideId "2319225"]
[BlackFideId "2301725"]
[EventDate "2021.08.26"]

1. d4 Nf6 2. c4 e6 3. Nc3 Bb4 4. Qc2 O-O 5. Bg5 d5 6. cxd5 exd5 7. e3 c6 8. Bd3
h6 9. Bh4 Be6 10. Ne2 Nbd7 11. O-O Re8 12. Nf4 Bd6 13. Bg3 Nf8 14. Rfe1 Qd7 15.
Rad1 Rad8 16. a3 Qc7 17. Nxe6 Nxe6 18. Bxd6 Qxd6 19. h3 Re7 20. Ne2 Rde8 21. Bf5
Ng5 22. Ng3 Qd8 23. Kh1 Qc7 24. Bd3 Nge4 25. Nxe4 Nxe4 26. Bxe4 Rxe4 27. Rc1 Qe7
28. Rf1 Qg5 29. Qd1 R8e6 30. Rc3 Rg6 31. Qf3 Rh4 32. Kh2 Re4 33. b4 a6 34. a4
Qe7 35. g3 Qxb4 36. Rfc1 Qxa4 37. Rb1 b5 38. Qf5 Ree6 39. Rbb3 b4 40. Qc2 Ref6
41. Rc5 Rxf2+ 42. Qxf2 Qxb3 43. Ra5 Qd3 44. Ra2 Rf6 45. Qe1 b3 0-1

[Event "21st ch-EUR Indiv 2021"]
[Site "Reykjavik ISL"]
[Date "2021.09.01"]
[Round "7.76"]
[White "Ragnarsson, Heimir Pall"]
[Black "Nielsen, Thomas1"]
[Result "0-1"]
[WhiteElo "1619"]
[BlackElo "1953"]
[WhiteFideId "2308860"]
[BlackFideId "1407147"]
[EventDate "2021.08.26"]

1. c4 e5 2. g3 f5 3. Bg2 Nf6 4. d3 Nc6 5. a3 a5 6. Nc3 Be7 7. Bd2 O-O 8. Nf3 Kh8
9. Nd5 d6 10. b4 Bd7 11. b5 Nb8 12. a4 c6 13. Nxe7 Qxe7 14. Bc3 e4 15. Nd4 c5
16. Nb3 b6 17. Qc2 Bc8 18. O-O-O Bb7 19. Rhe1 Ng4 20. e3 Nxf2 21. Qxf2 Nd7 22.
d4 Nf6 23. Qxf5 Nd5 24. Qxe4 Qxe4 25. Bxe4 Nxc3 26. Bxb7 Rab8 27. Rd3 Na2+ 28.
Kb2 Nb4 29. Rd2 Rxb7 30. dxc5 dxc5 31. Rd6 Rf2+ 32. Nd2 Kg8 33. e4 Rxh2 34. Rf1
h6 35. e5 Re2 36. e6 Re7 37. Rxb6 Rxd2+ 38. Kc3 Rc2+ 39. Kb3 Re2 40. Rf5 R7xe6
41. Rxe6 Rxe6 42. Kc3 Re3+ 43. Kd2 Rd3+ 44. Ke2 Rxg3 45. Rxc5 Rg6 46. Rc8+ Kf7
47. c5 Re6+ 48. Kf3 Re8 49. Rc7+ Re7 50. Rc8 Ke6 51. Ra8 Kd5 52. c6 Nxc6 53.
bxc6 Kxc6 54. Rxa5 Kb6 55. Ra8 Ra7 56. Re8 Ka5 57. Re4 Rf7+ 58. Kg4 Rf1 59. Kh5
Rg1 60. Rd4 Rg5+ 61. Kh4 g6 62. Re4 Rg1 63. Rc4 g5+ 64. Kh5 Rh1+ 65. Kg6 Rh4 66.
Rc8 Kxa4 67. Kf5 Kb4 68. Ra8 Rh1 69. Ra6 Kc3 70. Kg4 Rh4+ 71. Kg3 Kb4 72. Rc6
Kb5 73. Rc8 Rc4 74. Rh8 Rc6 75. Kg4 Kc5 76. Ra8 Kd5 77. Kh5 Ke5 78. Ra5+ Kd4 79.
Ra4+ Kd3 80. Ra3+ Kc2 81. Ra2+ Kb3 82. Ra8 0-1

[Event "21st ch-EUR Indiv 2021"]
[Site "Reykjavik ISL"]
[Date "2021.09.01"]
[Round "7.78"]
[White "Kjartansson, Arnar Logi"]
[Black "Pozimski, Szymon"]
[Result "0-1"]
[WhiteElo "1271"]
[BlackElo "2019"]
[WhiteFideId "2318342"]
[BlackFideId "1138855"]
[EventDate "2021.08.26"]

1. d4 d5 2. c4 dxc4 3. Nc3 a6 4. a4 e6 5. Nf3 Nc6 6. e4 Na5 7. d5 Nf6 8. Bg5 Be7
9. Ne5 O-O 10. Nxc4 Nxc4 11. Bxc4 exd5 12. exd5 Nxd5 13. Bxe7 Qxe7+ 14. Ne2 Qb4+
15. Nc3 Nxc3 16. Bxf7+ Rxf7 17. bxc3 Qxc3+ 18. Kf1 Bg4 19. Qb1 Raf8 20. Ra2 Be6
21. Rc2 Qd3+ 22. Kg1 Rxf2 23. Rc1 Rf1+ 24. Rxf1 Qe3+ 0-1

[Event "21st ch-EUR Indiv 2021"]
[Site "Reykjavik ISL"]
[Date "2021.09.01"]
[Round "7.79"]
[White "Omarsson, Josef"]
[Black "Ingason, Sigurdur"]
[Result "1-0"]
[WhiteElo "1211"]
[BlackElo "1805"]
[WhiteFideId "2316102"]
[BlackFideId "2301709"]
[EventDate "2021.08.26"]

1. d4 d5 2. Bf4 Nf6 3. e3 e6 4. Nf3 c5 5. c3 Be7 6. Bd3 Nc6 7. h3 O-O 8. Nbd2
Ne8 9. Ne5 Nxe5 10. dxe5 f5 11. g4 Bg5 12. Qf3 g6 13. O-O-O Bxf4 14. exf4 c4 15.
Bc2 b5 16. gxf5 exf5 17. h4 Be6 18. h5 Kf7 19. hxg6+ hxg6 20. Rh7+ Ng7 21. Qg3
Rh8 22. Rdh1 Rxh7 23. Rxh7 Qg8 24. Nf3 Qxh7 25. Ng5+ Kg8 26. Nxh7 Kxh7 27. Qh4+
Kg8 28. Qf6 Bf7 29. Qc6 Rd8 30. Qxb5 d4 31. cxd4 Rxd4 32. Qb8+ Kh7 33. Qxa7 1-0

[Event "21st ch-EUR Indiv 2021"]
[Site "Reykjavik ISL"]
[Date "2021.09.01"]
[Round "7.80"]
[White "Tummasarson, Flovin M."]
[Black "Gudnyjarson, Sigurdur Pall"]
[Result "1-0"]
[WhiteElo "1764"]
[BlackElo "1207"]
[WhiteFideId "7202431"]
[BlackFideId "2321637"]
[EventDate "2021.08.26"]

1. e4 e6 2. d4 d5 3. Nd2 Nf6 4. e5 Nfd7 5. Bd3 c5 6. c3 Nc6 7. Ne2 Qb6 8. Nf3
cxd4 9. cxd4 Bb4+ 10. Bd2 Bxd2+ 11. Qxd2 Nb4 12. Bb1 Nc6 13. a3 Na5 14. Ba2 Qc7
15. Rc1 Qd8 16. b4 Nc6 17. O-O O-O 18. Qd3 f6 19. exf6 Nxf6 20. Nc3 Ne7 21. Rfe1
Ng6 22. h3 Re8 23. Bb1 Qd6 24. Nb5 Qe7 25. Nc7 Rb8 26. Nxe8 Qxe8 27. Qe3 Bd7 28.
Bxg6 Qxg6 29. Ne5 Qe8 30. Nxd7 1-0

[Event "21st ch-EUR Indiv 2021"]
[Site "Reykjavik ISL"]
[Date "2021.09.01"]
[Round "7.82"]
[White "Hreinsson, Johann Helgi"]
[Black "Heidarsson, Mikael Bjarki"]
[Result "1-0"]
[WhiteElo "1195"]
[BlackElo "1473"]
[WhiteFideId "2317540"]
[BlackFideId "2317532"]
[EventDate "2021.08.26"]

1. d4 Nf6 2. c4 g6 3. Bf4 d6 4. Nf3 Bg7 5. Nc3 O-O 6. e3 Bf5 7. Bd3 Bxd3 8. Qxd3
c5 9. d5 Qb6 10. Rb1 Nbd7 11. O-O Nh5 12. Bg3 Nxg3 13. hxg3 Ne5 14. Nxe5 Bxe5
15. Rfc1 Kg7 16. f4 Bf6 17. Kf2 e5 18. Rh1 Rae8 19. f5 Qd8 20. g4 Qe7 21. e4 Bg5
22. Rbf1 a6 23. a4 h6 24. g3 Rh8 25. Kg2 Rh7 26. Qf3 Reh8 27. Rh2 Qd8 28. fxg6 1-0